Poesía : papel de oficio, número 4 /
Gardado en:
| Autores principales: | , |
|---|---|
| Formato: | Desconocido |
| Idioma: | Spanish |
| Publicado: |
Tegucigalpa, Honduras :
Edicult,
2005.
|
| Edición: | 1. edición |
| Materias: | |
| Etiquetas: |
Engadir etiqueta
Sen Etiquetas, Sexa o primeiro en etiquetar este rexistro!
|
MARC
| LEADER | 000000000a22000000004500 | ||
|---|---|---|---|
| 001 | 001943 | ||
| 020 | |a 9992610484 | ||
| 041 | 0 | |a spa | |
| 082 | 0 | 4 | |a Ho861.08 |b F981p |
| 100 | 1 | |a Funes, José Antonio | |
| 100 | 1 | |a Alvarado, Leonel | |
| 245 | 1 | 0 | |a Poesía : |b papel de oficio, número 4 / |c José Antonio Funes, Leonel Alvarado |
| 250 | |a 1. edición | ||
| 260 | 1 | |a Tegucigalpa, Honduras : |b Edicult, |c 2005. | |
| 300 | |a 30 páginas | ||
| 500 | |a Título tomado de la cubierta -- Edición conmemorativa del año iberoamericano de la lectura 2005 | ||
| 650 | 4 | |a LITERATURA HONDUREÑA | |
| 650 | 4 | |a POESIA | |
| 999 | |c 8576 |d 8576 | ||
| 942 | |c BK |h Ho861.08 F981p |2 z | ||



